| 000 | 00752cam a2200193 a 4500 | ||
|---|---|---|---|
| 001 | 000005713 | ||
| 005 | 20200929151744.0 | ||
| 008 | 930914s1992 pr ab 000 0 spa | ||
| 040 |
_aDO-SdBNP _bspa _cBNPHU |
||
| 082 |
_a910.9 _bP154b |
||
| 100 | 1 |
_aPaláu Suárez, Awilda _916147 |
|
| 245 | 1 | 0 |
_aBolivar y Hatuey en Puerto Rico : _bla participación puertorriqueña en la Expedición en Canoa del Amazonas al Caribe / _cAwilda Paláu Suárez. |
| 260 |
_a[San Juan, P.R. : _bs.n.], _c1992. |
||
| 300 |
_a162 p. : _bil., map. ; _c23 cm. |
||
| 651 | 0 |
_aAntillas _xDescripción Y Viajes _916148 |
|
| 650 | 0 |
_aCanoas y pirágüas _zAntillas _916149 |
|
| 611 | 2 | 4 |
_aEXPEDICIÓN EN CANOA DEL AMAZONA AL CARIBE _y(1987-1988) _916150 |
| 650 | 4 |
_aViajes y vieajes _916151 |
|
| 999 |
_c5509 _d5509 |
||